| 000 | 00578nam a22001937a 4500 | ||
|---|---|---|---|
| 005 | 20251108170011.0 | ||
| 008 | 250721s1995 xx 000 0 ara d | ||
| 082 | 1 | 4 | _a616.362/عبد |
| 100 | 1 | _aعبد الوهاب، محمد فريد | |
| 245 | 1 | 0 | _aكبدك بين الصحة و المرض / |
| 264 | 1 |
_aالقاهرة : _bدار الكتب المصرية، _c1995. |
|
| 300 | _a127ص | ||
| 490 | 0 | _aكتاب اليوم الطبي | |
| 650 | 1 | 7 | _aالكبد |
| 650 | 1 | 7 | _aوظائف الكبد |
| 650 | 1 | 7 | _aأمراض الكبد |
| 942 |
_2ddc _cBK |
||
| 999 |
_c37042 _d37042 |
||